000 00547nam a2200193 i 4500
001 69370
003 ES-MaACL
005 20250901073802.0
007 t|
008 040705s1971 sp a ||||1| spa d
080 _a621.396(02)
100 1 _aGarcía Berlanga, Francisco.
_954257
245 1 0 _aRadiotecnia básica de estado sólido /
_cFrancisco García Berlanga.
260 _aMadrid :
_bParaninfo,
_c1971.
300 _a444 p. :
_bil. ;
_c22 cm.
650 7 _aRadio
_2embne
_9153758
852 _aES-MaACL
_jC-47798
999 _c69370
_d69370